Postavenie volených funkcionárov obce v pracovných vzťahoch

Bibliographic Details
Main Author: Thurzová, Marta, 1954- (Author)
Format: Article
Language:Slovak
PhysicalDescription:Res. angl., lit. 5 zázn. v slov.
Subjects:

MARC

LEADER 00000nab a2200000 a 4500
001 vtls000542755
003 SK-MaSNL
005 20260304083940.0
008 250425c1994 xo 0 slo
015 |a SNBRB19rr/mm-uuuuu 
035 |a CL0542893 
035 |a urn:nbn:sk:snk-ab292a 
035 |a (urnnbn)urn:nbn:sk:snk:ar-a01z0t 
035 |a (uuid)36b4eeb5-a6e7-484f-9978-5419a59a04ef 
040 |a SNKBUCL  |b slo  |c SNKBUCL  |e AACR2 
041 0 |a slo 
044 |a xo  |c SK 
080 |a 342.26:352.075.26/.31  |2 1981 
080 |a 352.075.26/.31  |2 1981 
100 1 |a Thurzová, Marta,  |d 1954-  |4 aut  |9 204242 
245 1 0 |a Postavenie volených funkcionárov obce v pracovných vzťahoch  |c Marta Thurzová 
300 |b Res. angl., lit. 5 zázn. v slov. 
650 0 7 |a samospráva obcí  |2 snkbucl  |9 967325 
650 0 7 |a substrát personálny  |2 snkbucl  |9 1375593 
650 0 7 |a funkcionári volení  |2 snkbucl  |9 996894 
650 0 7 |a vzťahy pracovné  |2 snkbucl  |9 383011 
655 7 |a články z novín a časopisov  |2 snkbucl  |9 267496 
773 0 |t Právny obzor  |g Roč. 77, č. 5 (1994), s. 517-523 
850 |a Slovenská národná knižnica 
852 |a Slovenská národná knižnica 
954 |a odborná, vedecká literatúra pôvodná (slovenská)  |2 lita 
958 |a article27 
958 |a RK 
958 |a OND 
958 |a EUIPO 
992 |a RBX 
999 |c 2801752  |d 2803682